| 000 | 00407nam a2200181Ia 4500 | ||
|---|---|---|---|
| 005 | 20250603144901.0 | ||
| 008 | 250603s9999 xx 000 0 und d | ||
| 020 | _a9780838451946 | ||
| 050 | _aPE 1128 .F559/ | ||
| 100 | _aFoley, Barbara H. | ||
| 245 | 0 | _aEnglish in action 2 | |
| 260 | _aBoston | ||
| 260 | _bThomson Heinle | ||
| 260 | _c2003 | ||
| 300 | _a246 p | ||
| 650 | _aBoston | ||
| 942 | _cBK | ||
| 999 |
_c40232 _d40232 |
||